| 000 | 01026 a2200181 4500 | ||
|---|---|---|---|
| 003 | Nust | ||
| 005 | 20221025153456.0 | ||
| 040 | _cNust | ||
| 082 | _a621.3,GAN | ||
| 100 |
_aGangadhar, K. A. _9101369 |
||
| 245 |
_aField theory _bfor electrical,electronics and communication engineering / K. A. Gangadhar |
||
| 260 |
_aKhanna _bDelhi _c1987 |
||
| 300 | _a428p | ||
| 505 | _aIntroduction to Vector Analysis (Page-1), Coulombs Law (Page-26), Static Electric Field –Part.1 (Page-50), Electric Field-Part.2 (Page-114), Divergence and Curl of Vector Fields (Page-159), Magnetic Field (Page-190), Electromagnetic Indication (Page-229), Magnetic Filed of Magnetic Materials (Page-282), Maxwell’s Equation and Travelling Waves (Page-314), Plane Electromagnetic Waves (Page-334), Transmission and Reflection of Plane Wave Of Boundaries (Page-350), Guided Waves (Page-363), Wave Guides (Page-375), Passive Microwave Devices (Page-401). | ||
| 600 |
_aK A Gangadhar _9101370 |
||
| 650 |
_aField Theory _9101371 |
||
| 942 |
_2ddc _cBK |
||
| 999 |
_c180290 _d180290 |
||